| 000 | 00920nam a22002417a 4500 | ||
|---|---|---|---|
| 005 | 20240530110452.0 | ||
| 008 | 150516s2010 ua g b 000 0 ara d | ||
| 017 |
_a16031 _bمصر . دار الكتب المصرية |
||
| 020 | _a9770526258 | ||
| 040 | _aEG-CaGPL | ||
| 082 | 0 | 4 |
_221 _a155.4512\ _bأ س |
| 100 | 0 | _aاحلام العقباوى | |
| 245 | 1 | 0 |
_aسيكولوجية الطفل الاصم : _bبرامج الارشاد وحل مشكلات ( العزلة - الانطواء ) / _cاحلام العقباوى |
| 250 | _aط1 | ||
| 260 |
_aالقاهرة : _bمكتبة الانجلو المصرية ، _c2010 . |
||
| 300 |
_a244 ص ؛ _c24 سم |
||
| 504 | _aببليوجرافية : ص 217 - 244 | ||
| 650 | 0 | 4 |
_aالاطفال _xعلم النفس |
| 650 | 0 | 4 | _aالاطفال المعوقون |
| 650 | 0 | 4 | _aالاطفال الصم |
| 942 |
_2ddc _cBK |
||
| 999 |
_c61284 _d61284 |
||